000
00284nam a2200121Ia 4500
008
190802s9999 xx 000 0 und d
020
_a
0-87901-499-7
100
_a
Munem,M.A.
245
0
_a
College Algebra
260
_a
New Jersey
_b
Prentice Hall
_c
1992
300
_a
510:p
942
_c
BK
999
_c
2166
_d
2166